Effektivnost' obščestvennogo proizvodstva Tri urovnja analiza: narodnochozjajstvennyj, regional'nyj, chozrasčetnyj

Saved in:
Bibliographic Details
Format: Book
Language:Russian
Published: Moskva Mysl' 1987
Edition:1. izd.
Tags: Add Tag
No Tags, Be the first to tag this record!

MARC

LEADER 00000nam a2200000 4500
001 c025554
005 20250217092950.4
041 0 |a rus 
044 |a RU 
245 1 0 |a Effektivnost' obščestvennogo proizvodstva  |b Tri urovnja analiza: narodnochozjajstvennyj, regional'nyj, chozrasčetnyj  |c Serik Achmetžanovič Achanov 
250 |a 1. izd. 
264 1 |a Moskva  |b Mysl'  |c 1987 
300 |a 165 s.